| 000 -LEADER |
| fixed length control field |
00584nam a22002057a 4500 |
| 008 - FIXED-LENGTH DATA ELEMENTS--GENERAL INFORMATION |
| fixed length control field |
150521b xxu||||| |||| 00| 0 eng d |
| 020 ## - INTERNATIONAL STANDARD BOOK NUMBER |
| International Standard Book Number |
9780073374307 |
| 041 0# - LANGUAGE CODE |
| Language code of text/sound track or separate title |
eng |
| 080 ## - UNIVERSAL DECIMAL CLASSIFICATION NUMBER |
| Universal Decimal Classification number |
61 |
| 100 1# - Rafti |
| Rafti |
Allan, David, |
| 100 1# - Rafti |
| -- |
1942- |
| 245 10 - TITLE STATEMENT |
| Title |
Medical language for modern health care / |
| 250 ## - |
| -- |
2nd ed. |
| 260 ## - |
| -- |
New York : |
| -- |
McGraw Hill, |
| -- |
c2011. |
| 300 ## - |
| -- |
909, [152] p. : |
| -- |
me il. ; |
| -- |
28 cm. |
| 650 #0 - |
| -- |
Mjekësi |
| -- |
Terminologji |
| 650 12 - |
| -- |
Mjekësi |
| 650 12 - |
| -- |
Terminologji si temë |
| 700 1# - |
| -- |
Lockyer, Karen. |
| 942 ## - ADDED ENTRY ELEMENTS (KOHA) |
| Source of classification or shelving scheme |
|
| Item type |
Books |